Transactions on Computational Science XXIII Special Issue on Cyberworlds /

This, the 23rd issue of the Transactions on Computational Science journal, guest edited by Xiaoyang Mao and Lichan Hong, is devoted to the topic of security in virtual worlds. It contains extended versions of the best papers selected from those presented at the International Conference on Cyberworld...

Full description

Bibliographic Details
Corporate Author: SpringerLink (Online service)
Other Authors: Gavrilova, Marina L. (Editor), Tan, C. J. Kenneth (Editor), Mao, Xiaoyang (Editor), Hong, Lichan (Editor)
Format: Electronic eBook
Language:English
Published: Berlin, Heidelberg : Springer Berlin Heidelberg : Imprint: Springer, 2014.
Series:Lecture Notes in Computer Science, 8490
Subjects:
Online Access:Full Text via HEAL-Link
LEADER 03571nam a22005895i 4500
001 978-3-662-43790-2
003 DE-He213
005 20151029221359.0
007 cr nn 008mamaa
008 140612s2014 gw | s |||| 0|eng d
020 |a 9783662437902  |9 978-3-662-43790-2 
024 7 |a 10.1007/978-3-662-43790-2  |2 doi 
040 |d GrThAP 
050 4 |a QA75.5-76.95 
072 7 |a UY  |2 bicssc 
072 7 |a UYA  |2 bicssc 
072 7 |a COM014000  |2 bisacsh 
072 7 |a COM031000  |2 bisacsh 
082 0 4 |a 004.0151  |2 23 
245 1 0 |a Transactions on Computational Science XXIII  |h [electronic resource] :  |b Special Issue on Cyberworlds /  |c edited by Marina L. Gavrilova, C. J. Kenneth Tan, Xiaoyang Mao, Lichan Hong. 
264 1 |a Berlin, Heidelberg :  |b Springer Berlin Heidelberg :  |b Imprint: Springer,  |c 2014. 
300 |a XVI, 225 p. 123 illus.  |b online resource. 
336 |a text  |b txt  |2 rdacontent 
337 |a computer  |b c  |2 rdamedia 
338 |a online resource  |b cr  |2 rdacarrier 
347 |a text file  |b PDF  |2 rda 
490 1 |a Lecture Notes in Computer Science,  |x 0302-9743 ;  |v 8490 
505 0 |a Incrementally Modular Abstraction Hierarchy Using Algebraic Topology -- Fast and Stable Deformations Using the Mesh Intersection Algorithm -- Gaussian Curvature Based Localized Stylization Method for View-Dependent Lines Extracted from 3D Models -- Image-Driven Haptic Rendering -- Multi-touch Interface and Motion Control Model for Interactive Character Animation -- Efficacy of a Virtual Environment for Training Ball Passing Skills in Rugby -- Preparing for International Operations and Developing Scenarios for Inter-cultural Communication in a Cyberworld: A Norwegian Army Example -- Collision-Free Navigation with Extended Terrain Maps -- Audio-Visual Art Performance System Using Computer Video Output -- Based on Component Video to Audio Signal Conversion -- Experiments for Emotion Estimation from Biological Signals and Its Application -- Real-Time Subject-Dependent EEG-Based Emotion Recognition Algorithm. 
520 |a This, the 23rd issue of the Transactions on Computational Science journal, guest edited by Xiaoyang Mao and Lichan Hong, is devoted to the topic of security in virtual worlds. It contains extended versions of the best papers selected from those presented at the International Conference on Cyberworlds 2013, held at Keio University, Yokohama, Japan, October 21-23, 2013. The 11 papers in the volume have been organized into topical sections on modeling, rendering, motion, virtual environments and affective computing. 
650 0 |a Computer science. 
650 0 |a Computers. 
650 0 |a Artificial intelligence. 
650 0 |a Computer simulation. 
650 0 |a Computer graphics. 
650 1 4 |a Computer Science. 
650 2 4 |a Theory of Computation. 
650 2 4 |a Information Systems and Communication Service. 
650 2 4 |a Computer Imaging, Vision, Pattern Recognition and Graphics. 
650 2 4 |a Simulation and Modeling. 
650 2 4 |a Artificial Intelligence (incl. Robotics). 
700 1 |a Gavrilova, Marina L.  |e editor. 
700 1 |a Tan, C. J. Kenneth.  |e editor. 
700 1 |a Mao, Xiaoyang.  |e editor. 
700 1 |a Hong, Lichan.  |e editor. 
710 2 |a SpringerLink (Online service) 
773 0 |t Springer eBooks 
776 0 8 |i Printed edition:  |z 9783662437896 
830 0 |a Lecture Notes in Computer Science,  |x 0302-9743 ;  |v 8490 
856 4 0 |u http://dx.doi.org/10.1007/978-3-662-43790-2  |z Full Text via HEAL-Link 
912 |a ZDB-2-SCS 
912 |a ZDB-2-LNC 
950 |a Computer Science (Springer-11645)